antimicrobail resistance of escherichia coli on local chicken in veal sbaov commune, chbar ampov district, phnom penh capital ភាពសុាំនៃបាក់តេរី Escherichia coli ក្នុងលាមកមាន់ពូជក្នុងស្រុកនៅសង្កាត់វាលស្បូវ ខណ្ឌច្បាអំពៅរាជធានីភ្នំពេញ (Record no. 18316)

000 -LEADER
fixed length control field 00773nam a22001337a 4500
040 ## - CATALOGING SOURCE
Transcribing agency RUA
082 ## - DEWEY DECIMAL CLASSIFICATION NUMBER
Classification number AVM PEA 2018 B649 Or.1
100 ## - MAIN ENTRY--AUTHOR NAME
Personal name PEANH CHIN ពាញ ជីន
245 ## - TITLE STATEMENT
Title antimicrobail resistance of escherichia coli on local chicken in veal sbaov commune, chbar ampov district, phnom penh capital ភាពសុាំនៃបាក់តេរី Escherichia coli ក្នុងលាមកមាន់ពូជក្នុងស្រុកនៅសង្កាត់វាលស្បូវ ខណ្ឌច្បាអំពៅរាជធានីភ្នំពេញ
260 ## - PUBLICATION, DISTRIBUTION, ETC. (IMPRINT)
Place of publication RUA
Name of publisher Phnom penh
Year of publication 2018
300 ## - PHYSICAL DESCRIPTION
Number of Pages ix;29p
Other physical details ill;
Dimensions 29cm
856 ## - ELECTRONIC LOCATION AND ACCESS
Uniform Resource Identifier https://drive.google.com/file/d/1b7j2pceRBr7iRYcHNpfqcNTFUPx03crG/view?usp=sharing
942 ## - ADDED ENTRY ELEMENTS (KOHA)
Koha item type AVM
952 ## - LOCATION AND ITEM INFORMATION (KOHA)
Withdrawn status [LOCAL, KOHA] 0
952 ## - LOCATION AND ITEM INFORMATION (KOHA)
Withdrawn status [LOCAL, KOHA] 0
952 ## - LOCATION AND ITEM INFORMATION (KOHA)
Withdrawn status [LOCAL, KOHA] 0
952 ## - LOCATION AND ITEM INFORMATION (KOHA)
Withdrawn status [LOCAL, KOHA] 0
952 ## - LOCATION AND ITEM INFORMATION (KOHA)
Withdrawn status [LOCAL, KOHA] 0
952 ## - LOCATION AND ITEM INFORMATION (KOHA)
Withdrawn status [LOCAL, KOHA] 0
Holdings
Permanent Location Date acquired Koha item type Lost status Shelving location Barcode Current Location Full call number
Library Block B2019-10-22AVM B649A43274Library Block BAVM PEA 2018 B649 Or.1
Library Block B2019-10-22AVM B649A43134Library Block BAVM PEA 2018 B649 Or.2
Library Block B2019-10-22AVM B649A43691Library Block BAVM PEA 2018 B649 Or.3
Library Block B2019-10-22AVM B649A43786Library Block BAVM PEA 2018 B649 Or.4
Library Block B2019-10-22AVM B649A43861Library Block BAVM PEA 2018 B649 Or.5
Library Block B2019-10-22AVM B649A43936Library Block BAVM PEA 2018 B649 Or.6
មជ្ឈមណ្ឌលឯការនៃសាកលវិទ្យាល័យភូមិន្ទកសិកម្មចំការដូង

Powered by Koha